Integrated electronics :analog and digital circuits and systems / (Record no. 11971)

000 -LEADER
fixed length control field 00482nam a2200145 4500
008 - FIXED-LENGTH DATA ELEMENTS--GENERAL INFORMATION
fixed length control field 210115b ||||| |||| 00| 0 eng d
082 00 - DEWEY DECIMAL CLASSIFICATION NUMBER
Classification number 621.3815
Item number M655
100 ## - MAIN ENTRY--PERSONAL NAME
9 (RLIN) 4229
Personal name Millman, Jacob
245 10 - TITLE STATEMENT
Title Integrated electronics :analog and digital circuits and systems /
260 ## - PUBLICATION, DISTRIBUTION, ETC. (IMPRINT)
Place of publication, distribution, etc New Delhi:
Name of publisher, distributor, etc Tata Mcgrawhill
Date of publication, distribution, etc 1995.
300 ## - PHYSICAL DESCRIPTION
Extent xv, 910 p.
650 #0 - SUBJECT ADDED ENTRY--TOPICAL TERM
Topical term or geographic name as entry element Integrated circuits
700 ## - ADDED ENTRY--PERSONAL NAME
9 (RLIN) 4231
Personal name Halkias, Christos C.
942 ## - ADDED ENTRY ELEMENTS (KOHA)
Source of classification or shelving scheme
Item type Books
Holdings
Withdrawn status Lost status Source of classification or shelving scheme Damaged status Not for loan Permanent location Current location Date acquired Full call number Barcode Date last seen Koha item type
          IMU Kolkata IMU Kolkata 2021-01-15 621.3815 M655 08481 2021-01-15 Books
Designed and Maintained by IMU-KC Library, Kolkata Campus © Copyright All Rights Reserved

webs counters

Powered by Koha